000 00608nam a2200241 a 4500
001 nice12345678
003 IN_TiNIC
005 20260116011750.0
008 050524s1978 laha grp 000 0 eng
020 _a
_c40
082 0 0 _a297.1
_bDIG
100 _aDigwy, Sheikh Youssef El
245 _aIslam the Ideal Religion.
260 _aLahore
_bIslamic Book Service
_c1978
300 _a179p.
500 _aincludes index and biblioraphy
505 2 _aBibliography, Index
650 _aIslam-Meccan Trade
700 1 _aDigwy, Sheikh Youssef El
902 _bSRS
942 _cBK
999 _c3803
_d3803